Search the Library Catalogue
| 000 -LEADER | |
|---|---|
| fixed length control field | 00647nam a2200217Ia 4500 |
| 008 - FIXED-LENGTH DATA ELEMENTS--GENERAL INFORMATION | |
| fixed length control field | 191130s1995##################000#0#eng## |
| 020 ## - INTERNATIONAL STANDARD BOOK NUMBER | |
| ISBN | 9780060555979 |
| 082 ## - DEWEY DECIMAL CLASSIFICATION NUMBER | |
| Classification number | 796.357092 ROB |
| 100 ## - MAIN ENTRY--AUTHOR NAME | |
| Personal name | Robinson, Jackie |
| 245 ## - TITLE STATEMENT | |
| Title | I never had it made : an autobiography of Jackie Robinson |
| Statement of responsibility, etc | by Jackie Robinson as told to Alfred Duckett |
| 260 ## - PUBLICATION, DISTRIBUTION, ETC. (IMPRINT) | |
| Place of publication | New York |
| Name of publisher | Ecco |
| Year of publication | 1995 |
| 300 ## - PHYSICAL DESCRIPTION | |
| Number of Pages | 279 p. ; 22 cm |
| 650 ## - SUBJECT ADDED ENTRY--TOPICAL TERM | |
| Topical Term | African Americans |
| Topical Term | Robinson, Jackie, 1919-1972 |
| 700 ## - ADDED ENTRY--PERSONAL NAME | |
| Personal name | Duckett, Alfred |
| 991 ## - | |
| -- | 432003 |
| Withdrawn status | Lost status | Damaged status | Not for loan | Home library | Current library | Shelving location | Date acquired | Full call number | Accession Number | Price effective from | Koha item type |
|---|---|---|---|---|---|---|---|---|---|---|---|
| Anna Centenary Library | Anna Centenary Library | 6TH FLOOR, B WING | 13.10.2020 | 796.357092 ROB | 493640 | 13.10.2020 | English Books |